000 01139cad a22002295a 4500
001 L157094
008 120829s2010 xxk f 000 0 eng d
020 _a9781842196021
035 _a(Sirsi) u157094
041 0 _aeng
110 2 _aRoyal Institution of Chartered Surveyors
_94900
245 0 0 _aIs it worth carrying out energy efficiency improvements to commercial real estate?
_h[electronic resource]
260 _aLondon
_bRICS
_c2010
490 0 _aRICS Research
520 _aLooks at the economic gains associated with investment in energy efficiency improvements (EEI) for commercial real estate, through exploring of a number of case study buildings that have obtained the LEED for Existing Building certification. These suggest that economic gains can be significant for these improvements.
651 4 _aUnited Kingdom
_y
690 _aEnergy
_96237
700 1 _aCiochetti, Brian A.
700 1 _aMcGowan, Mark D.
856 4 0 _uhttps://www.rics.org/Global/Downloads/Is_it_worth_carrying_out_energy_efficiency_improvements_to_commercial_real_estate.pdf
_zView the main report free of charge at www.rics.org
942 _n0
999 _c114592
_d114592